Thế giới phát minh; T4

Đã lưu trong:
书目详细资料
主要作者: Valérie-Anne Giscard d'Estaing
格式: 图书
语言:Undetermined
出版: Hà Nội KHKT 1994
主题:
标签: 添加标签
没有标签, 成为第一个标记此记录!
Thư viện lưu trữ: Trung tâm Học liệu Trường Đại học Cần Thơ
LEADER 00472nam a2200169Ia 4500
001 CTU_28295
008 210402s9999 xx 000 0 und d
082 |a 609 
082 |b E79/T4 
100 |a Valérie-Anne Giscard d'Estaing 
245 0 |a Thế giới phát minh; T4 
245 0 |c Valérie-Anne Giscard d'Estaing 
260 |a Hà Nội 
260 |b KHKT 
260 |c 1994 
650 |a inventions 
980 |a Trung tâm Học liệu Trường Đại học Cần Thơ